| 000 | 00365nam a2200157Ia 4500 | ||
|---|---|---|---|
| 008 | 230917s9999||||xx |||||||||||||| ||und|| | ||
| 020 | _cRS40.5 | ||
| 040 |
_e3598 _aMAIN |
||
| 041 | _aEnglish | ||
| 082 | _a320.942 B61C | ||
| 100 | _aBland, D E | ||
| 245 | 0 | _aCan Britain survive ? | |
| 260 |
_aLondon _bMichael Joseph _c1971 |
||
| 300 | _a148 p. | ||
| 942 | _cBK | ||
| 999 |
_c192780 _d192780 |
||